00548nam a2200193 a 4500001001300000003000900013005001700022008004100039020002300080082001500103100002100118245008000139260004000219300000900259500003500268505001000303650002000313700002100333nice12345678IN_TiNIC20260116014140.0050524s2002 newa grp 000 0 eng  a8125088 c59500a297.8bSIK aSikand, Yoginder aOrigins and Development of the Tablighi-Jama`at, 1920-2000, Cross-Country C aNew Delhi bOrient Blackswan c2002 a310p aincludes index and biblioraphy2 aIndex aIslam-Movements1 aSikand, Yoginder